00688cam a2200229 a 4500001000800000005001700008008004100025010001700066020001500083040001800098041000800116080001100124082001800135100000700153101000900160245005100169504005100220906004500271942001200316999001700328952011300345390555020180223070001.0910501s1992 nyua b 001 0 eng  a 91019600  a0024045357 aDLCcDLCdDLC aeng a304.2 00a304.2 RUB2201 a42 aGJEO14aThe cultural landscape :cJames M. Rubenstein. aIncludes bibliographical references and index. a7bcbccorignewd1eocipf19gy-gencatlg 2ddccBK c43230d43230 00102udc40708PËKGa002b002cPËKGd2018-02-23l0o304.2 RUBp002-2999707r2018-02-23w2018-02-23yBK